[Event "El Ksiba op"]
[Site "El Ksiba"]
[Date "2018.04.28"]
[Round "1"]
[White "Abdelkhalki, Mimoune"]
[Black "Ouakhir, Pierre Mehdi"]
[Result "0-1"]
[WhiteElo "1930"]
[BlackElo "2292"]
[PlyCount "78"]
[EventDate "2018.04.28"]
[EventType "swiss"]
[EventRounds "9"]
[EventCountry "MAR"]
[SourceTitle "CBM 184 Extra"]
[Source "ChessBase"]
[SourceDate "2018.06.28"]
[SourceVersion "1"]
[SourceVersionDate "2018.06.28"]
[SourceQuality "1"]

1. e4 e5 2. Nf3 Nc6 3. d4 exd4 4. Nxd4 Bc5 5. Be3 Qf6 6. c3 Qg6 7. Qf3 Nxd4 8. Bxd4 Bxd4 9. cxd4 Ne7 10. Nd2 d5 11. e5 0-0 12. Bd3 Qb6 13. Nb3 Qb4+ 14. Kf1 a5 15. a3 Qb6 16. Rb1 f6 17. Qe3 fxe5 18. Nc5 e4 19. Bc2 Nf5 20. Qd2 Qf6 21. Rd1 e3 22. Qe2 Nxd4 23. Bxh7+ Kh8 24. Qxe3 b6 25. Qxd4 bxc5 26. Qxf6 Rxf6 27. Bd3 Rb8 28. Be2 d4 29. Rd3 Rxb2 30. g4 Rb1+ 31. Kg2 Rxh1 32. Kxh1 Ba6 33. Rh3+ Kg8 34. Bxa6 Rxa6 35. Rd3 Rd6 36. Kg1 c4 37. Rd1 c3 38. Kf1 c2 39. Rc1 d3 0-1